| 000 | 00488nam a2200181 i 4500 | ||
|---|---|---|---|
| 001 | 21527 | ||
| 003 | ES-MaACL | ||
| 005 | 20251015063042.0 | ||
| 007 | t| | ||
| 008 | 021126s1919 sp ||||1| cat d | ||
| 100 | 1 |
_aCatalà, Víctor, _d1869-1966 _937006 |
|
| 245 | 1 | 0 |
_aSolitut _b: novela / _cVíctor Catalá (seud.). |
| 250 | _a3ª ed. | ||
| 260 |
_aBarcelona : _bFidel Giró, _c1919. |
||
| 300 |
_a336 p. ; _c19 cm. |
||
| 852 |
_aES-MaACL _jD-727 |
||
| 999 |
_c21527 _d21527 |
||